000 00418nam a2200145 i 4500
001 102155
003 ES-MaACL
007 t|
008 051104s1915 sp ||||1| spa d
100 1 _aMendizábal y Martín, Luis.
_980229
245 1 0 _aPrincipios morales básicos /
_cpor D. Luis Mendizábal y Martín.
260 _aZaragoza :
_bLa Editorial,
_c1915.
300 _a274 p. ;
_c25 cm.
852 _aES-MaACL
_jG-4511
999 _c102155
_d102155